Größte deutsche Städte nach Buchstabe - C - Statistiken

Allgemein
  • Dieses Quiz wurde 10.284 mal gespielt
  • Das Durchschnittsergebnis liegt bei 5 aus 14
Antwortstatistiken
Land Einwohner Stadt % Korrekt
Sachsen 246.334 Chemnitz
96%
Brandenburg 99.678 Cottbus
75%
Niedersachsen 69.540 Celle
64%
Bayern 41.072 Coburg
47%
Bayern 16.990 Cham
30%
Niedersachsen 35.451 Cloppenburg
29%
Niedersachsen 48.164 Cuxhaven
29%
NRW 73.343 Castrop-Rauxel
27%
Baden-Württemberg 23.578 Calw
26%
NRW 36.257 Coesfeld
21%
Baden-Württemberg 34.536 Crailsheim
18%
Niedersachsen 15.727 Clausthal-Zellerfeld
11%
Sachsen 20.739 Coswig
9%
Sachsen 18.350 Crimmitschau
9%
Keine übereinstimmenden Quizze gefunden
Verteilung der Resultate
Anzahl Personen mit jedem Resultat
Perzentil nach korrekt beantworteten Fragen
Ihre Resultats-Entwicklung
Sie haben dieses Quiz noch nicht gespielt